| 000 | 00362nam a2200133Ia 4500 | ||
|---|---|---|---|
| 008 | 240624s9999 xx 000 0 und d | ||
| 041 | _aeng | ||
| 082 | _a823 GRO | ||
| 100 | _aGROVE ANDREW S | ||
| 245 | _aONLY THE PARANOID SURVIVE HOW TO EXPLOIT THE CRISIS P | ||
| 260 |
_c2010 _aNew Delhi _bProfile Books |
||
| 300 | _axii, : 210 : p. : cm. ; 19 | ||
| 365 | _cRS | ||
| 999 |
_c24253 _d24253 |
||